[Event "Zuerich op-B 39th"]
[Site "Zuerich"]
[Date "2015.12.29"]
[Round "6"]
[White "Buehler, Christof"]
[Black "Hofmann, Colin"]
[Result "0-1"]
[WhiteElo "1833"]
[BlackElo "1964"]
[PlyCount "86"]
[EventDate "2015.12.26"]
[EventType "swiss"]
[EventRounds "7"]
[EventCountry "SUI"]
[SourceTitle "CBM 170 Extra"]
[Source "ChessBase"]
[SourceDate "2016.02.25"]
[SourceVersion "1"]
[SourceVersionDate "2016.02.25"]
[SourceQuality "1"]

1. Nf3 c5 2. g3 Nc6 3. d4 cxd4 4. Nxd4 Nf6 5. Bg2 e6 6. Nc3 d5 7. 0-0 Bc5 8. Nb3 Bb6 9. e4 d4 10. Na4 Bc7 11. Nac5 e5 12. h3 0-0 13. Nd3 Re8 14. Re1 b6 15. f4 Bb7 16. f5 h6 17. g4 Nh7 18. Nd2 Na5 19. Qf3 Rc8 20. Qg3 Bb8 21. Nf3 f6 22. h4 Rxc2 23. g5 Kh8 24. g6 Nf8 25. Qg4 Kg8 26. Qh5 Qe7 27. Nh2 Ba6 28. Qd1 Rec8 29. Bf1 R2c6 30. Nb4 Qxb4 31. Bxa6 R8c7 32. a3 Qb3 33. Bd2 Rc2 34. Nf1 Nc4 35. Bxc4+ R7xc4 36. Rc1 Qxb2 37. Rb1 Qxa3 38. Bb4 Qh3 39. Bd2 Qd3 40. Kh1 Nd7 41. Qh5 Nc5 42. Rbd1 Nxe4 43. Be3 Qxf1+ 0-1

[Event "Zuerich op-B 38th"]
[Site "Zuerich"]
[Date "2014.12.27"]
[Round "3"]
[White "Hofmann, Colin"]
[Black "Spitzer, Erwin"]
[Result "0-1"]
[WhiteElo "1888"]
[BlackElo "1992"]
[PlyCount "50"]
[EventDate "2014.12.26"]
[EventType "swiss"]
[EventRounds "7"]
[EventCountry "SUI"]
[SourceTitle "CBM 164 Extra"]
[Source "ChessBase"]
[SourceDate "2015.03.02"]
[SourceVersion "1"]
[SourceVersionDate "2015.03.02"]
[SourceQuality "1"]

1. e4 e5 2. Nf3 f5 3. Nxe5 Qf6 4. d4 Nc6 5. Nxc6 dxc6 6. e5 Qg6 7. Bf4 Be6 8. Bg3 h5 9. h4 Be7 10. Bd3 Nh6 11. 0-0 Qf7 12. Qd2 0-0-0 13. Qf4 Rhg8 14. c3 g5 15. hxg5 Bxg5 16. Qf3 Bd5 17. Qe2 f4 18. c4 Be6 19. Bh2 f3 20. Qc2 fxg2 21. Re1 Rxd4 22. b3 Ng4 23. Kxg2 Rxd3 24. Bg3 Qf3+ 25. Kg1 h4 0-1

[Event "EU-ch U14 24th"]
[Site "Batumi"]
[Date "2014.10.22"]
[Round "4"]
[White "Hofmann, Colin"]
[Black "Koridze, Luka"]
[Result "0-1"]
[WhiteElo "1856"]
[BlackElo "1492"]
[PlyCount "64"]
[EventDate "2014.10.19"]
[EventType "swiss"]
[EventRounds "9"]
[EventCountry "GEO"]
[SourceTitle "EXT 2015"]
[Source "ChessBase"]
[SourceDate "2014.11.20"]
[SourceVersion "1"]
[SourceVersionDate "2014.11.20"]
[SourceQuality "1"]

1. e4 d5 2. exd5 Qxd5 3. Nc3 Qa5 4. d4 Nf6 5. Nf3 Bg4 6. Bc4 e6 7. a3 Nc6 8. 0-0 0-0-0 9. Be3 Nxd4 10. Bxd4 Bxf3 11. gxf3 Qg5+ 12. Kh1 Qf4 13. Nb5 a6 14. Na7+ Kb8 15. Be3 Rxd1 16. Bxf4 Rxf1+ 17. Rxf1 Kxa7 18. Bxc7 Bxa3 19. Be5 Be7 20. Bd3 g6 21. Ra1 Rd8 22. b4 Kb6 23. Bc3 Nd5 24. Bd4+ Kc6 25. b5+ axb5 26. Ra5 b4 27. Bb5+ Kc7 28. Ra7 Bd6 29. Ra5 e5 30. Bc4 Nf4 31. Bxe5 Bxe5 32. Rxe5 Rd1+ 0-1

[Event "Lesa op 3rd"]
[Site "Lesa"]
[Date "2014.09.19"]
[Round "1"]
[White "Sbarra, Marco"]
[Black "Hofmann, Colin"]
[Result "1-0"]
[WhiteElo "2192"]
[BlackElo "1888"]
[PlyCount "83"]
[EventDate "2014.09.19"]
[EventType "swiss"]
[EventRounds "5"]
[EventCountry "ITA"]
[SourceTitle "EXT 2015"]
[Source "ChessBase"]
[SourceDate "2014.11.20"]
[SourceVersion "1"]
[SourceVersionDate "2014.11.20"]
[SourceQuality "1"]

1. d4 Nf6 2. c4 e6 3. Nc3 Bb4 4. e3 0-0 5. Bd3 c5 6. Nge2 d5 7. a3 Bxc3+ 8. Nxc3 cxd4 9. exd4 dxc4 10. Bxc4 Nc6 11. Be3 Qe7 12. 0-0 Rd8 13. Qd2 b6 14. Rad1 Bb7 15. Rfe1 Na5 16. Ba2 Nd5 17. Bg5 f6 18. Bh4 Nxc3 19. Rxe6 Qf7 20. bxc3 Bd5 21. Bxd5 Rxd5 22. Qe2 Rad8 23. Re7 Qh5 24. Qe6+ Kf8 25. Re1 R5d6 26. Qe4 Nc4 27. Rxa7 Re8 28. Qxe8+ Qxe8 29. Rxe8+ Kxe8 30. Rxg7 Nxa3 31. f3 Nb5 32. Be1 Rc6 33. d5 Rc5 34. Rxh7 Nxc3 35. Bxc3 Rxc3 36. Rb7 Rb3 37. h4 b5 38. h5 Kf8 39. h6 Kg8 40. d6 Rd3 41. d7 Kf8 42. h7 1-0

[Event "SUI-ch U14"]
[Site "Cham"]
[Date "2014.07.05"]
[Round "6"]
[White "Hofmann, Colin"]
[Black "Baenziger, Fabian"]
[Result "1-0"]
[WhiteElo "1896"]
[BlackElo "2019"]
[PlyCount "119"]
[EventDate "2014.07.03"]
[EventType "swiss"]
[EventRounds "7"]
[EventCountry "SUI"]
[SourceTitle "CBM 161 Extra"]
[Source "ChessBase"]
[SourceDate "2014.08.29"]
[SourceVersion "1"]
[SourceVersionDate "2014.08.29"]
[SourceQuality "1"]

1. e4 c5 2. Nf3 d6 3. d4 cxd4 4. Nxd4 Nf6 5. Nc3 Nc6 6. Bg5 e6 7. Qd2 a6 8. 0-0-0 Bd7 9. f4 b5 10. Bxf6 gxf6 11. f5 Qb6 12. fxe6 fxe6 13. h3 0-0-0 14. Kb1 Be7 15. g4 Qb7 16. Bg2 Nxd4 17. Qxd4 Bc6 18. Rhf1 Rhf8 19. Bh1 b4 20. Ne2 Bb5 21. c4 bxc3 22. Qxc3+ Kb8 23. Rf2 Qb6 24. Nd4 e5 25. Nxb5 Rc8 26. Qd2 axb5 27. Rff1 Rc4 28. Qh6 Rf7 29. g5 Bf8 30. Qh5 Rfc7 31. gxf6 Rc2 32. Qf3 Qc6 33. Qb3 Bh6 34. a3 Rh2 35. f7 Qc2+ 36. Ka2 Qxb3+ 37. Kxb3 Rxh3+ 38. Ka2 Bf8 39. Rd2 Rg3 40. Rg2 Rxg2 41. Bxg2 Kc8 42. Bh3+ Kd8 43. Be6 Ke7 44. Bd5 Rc2 45. Rh1 h6 46. Kb3 Rf2 47. Kc3 Kd7 48. b3 Kc7 49. Kb4 Ra2 50. Rg1 Kd8 51. Kxb5 Rxa3 52. Rh1 Ra7 53. b4 Rc7 54. Ka6 Kc8 55. b5 Kb8 56. b6 Rc5 57. b7 Be7 58. Ra1 h5 59. f8Q+ Bxf8 60. Kb6 1-0

[Event "SUI-ch U14"]
[Site "Cham"]
[Date "2014.07.04"]
[Round "3"]
[White "Megret, Jean"]
[Black "Hofmann, Colin"]
[Result "0-1"]
[WhiteElo "1883"]
[BlackElo "1896"]
[PlyCount "92"]
[EventDate "2014.07.03"]
[EventType "swiss"]
[EventRounds "7"]
[EventCountry "SUI"]
[SourceTitle "CBM 161 Extra"]
[Source "ChessBase"]
[SourceDate "2014.08.29"]
[SourceVersion "1"]
[SourceVersionDate "2014.08.29"]
[SourceQuality "1"]

1. e4 c5 2. Nf3 d6 3. d4 cxd4 4. Nxd4 Nf6 5. Nc3 Nc6 6. Bg5 Qb6 7. Nb3 e6 8. Qd2 Be7 9. Bxf6 Bxf6 10. Qxd6 Bd7 11. Bd3 Rd8 12. Na4 Qb4+ 13. Qxb4 Nxb4 14. Nc3 Bc6 15. Ke2 0-0 16. Na5 Rd7 17. Nxc6 Nxc6 18. Rhd1 Bxc3 19. bxc3 Rc7 20. Rab1 Rfc8 21. c4 Na5 22. Rb4 g6 23. f3 b6 24. Ra4 Nxc4 25. Bxc4 Rxc4 26. Rxa7 Rxc2+ 27. Rd2 Kf8 28. Rb7 Rxd2+ 29. Kxd2 Ra8 30. a4 Rxa4 31. Rc7 Ra2+ 32. Rc2 Rxc2+ 33. Kxc2 Ke7 34. Kb3 Kd6 35. Kb4 Ke5 36. Kb5 Kf4 37. Kxb6 Ke3 38. Kc7 Kf2 39. Kd7 Kxg2 40. Ke7 Kxf3 41. e5 Kf4 42. Kf6 g5 43. h3 h5 44. Kxf7 Kxe5 45. Kg6 Kf4 46. Kxh5 e5 0-1

[Event "SUI-ch U12"]
[Site "Geneve"]
[Date "2013.06.30"]
[Round "7"]
[White "Baenziger, Fabian"]
[Black "Hofmann, Colin"]
[Result "1/2-1/2"]
[WhiteElo "1780"]
[BlackElo "1872"]
[PlyCount "63"]
[EventDate "2013.06.27"]
[EventType "swiss"]
[EventRounds "7"]
[EventCountry "SUI"]
[SourceTitle "EXT 2014"]
[Source "ChessBase"]
[SourceDate "2013.11.20"]
[SourceVersion "1"]
[SourceVersionDate "2013.11.20"]
[SourceQuality "1"]

1. d4 Nf6 2. c4 e6 3. Nc3 Bb4 4. e3 0-0 5. Bd3 c5 6. Nge2 d5 7. a3 Bxc3+ 8. bxc3 b6 9. 0-0 Bb7 10. Ng3 Nbd7 11. cxd5 exd5 12. a4 Qc7 13. Ba3 Rfe8 14. Qd2 Rac8 15. Rfc1 Qb8 16. Rab1 Rc7 17. Nf5 Ne4 18. Bxe4 dxe4 19. d5 Ne5 20. d6 Rd7 21. a5 Nc4 22. Qa2 Nxd6 23. Nxd6 Qxd6 24. axb6 axb6 25. Qb3 Re6 26. Rd1 Qc7 27. Rxd7 Qxd7 28. Bxc5 bxc5 29. Qxb7 Qxb7 30. Rxb7 g6 31. Rc7 Re5 32. Kf1 1/2-1/2

[Event "SUI-ch U12"]
[Site "Geneve"]
[Date "2013.06.28"]
[Round "4"]
[White "Hofmann, Colin"]
[Black "Urwyler, Nikash"]
[Result "1/2-1/2"]
[WhiteElo "1872"]
[BlackElo "1498"]
[PlyCount "100"]
[EventDate "2013.06.27"]
[EventType "swiss"]
[EventRounds "7"]
[EventCountry "SUI"]
[SourceTitle "EXT 2014"]
[Source "ChessBase"]
[SourceDate "2013.11.20"]
[SourceVersion "1"]
[SourceVersionDate "2013.11.20"]
[SourceQuality "1"]

1. e4 e5 2. Nf3 Nc6 3. d4 exd4 4. Nxd4 Bc5 5. Be3 Qf6 6. c3 Nge7 7. Bc4 Ne5 8. Be2 Qg6 9. 0-0 d6 10. f4 Qxe4 11. Bf2 N5g6 12. g3 Bxd4 13. cxd4 Qe6 14. Bf3 0-0 15. d5 Qd7 16. Qc2 b6 17. Na3 Bb7 18. Qc4 a5 19. Nb5 Ba6 20. a4 Rac8 21. Rac1 Rfe8 22. Rc3 Nf5 23. Rfc1 Nh6 24. Qb3 Bxb5 25. Qxb5 Qe7 26. Bxb6 Nf5 27. Rxc7 Rxc7 28. Rxc7 Qe1+ 29. Qf1 Qb4 30. Qf2 Re1+ 31. Kg2 Re8 32. Bg4 Qe4+ 33. Bf3 Qb4 34. Ra7 h6 35. h3 Rb8 36. Bxa5 Qxb2 37. Qxb2 Rxb2+ 38. Kg1 Nxg3 39. Be1 Ne2+ 40. Bxe2 Rxe2 41. Bg3 Rd2 42. f5 Ne5 43. Bxe5 dxe5 44. Ra5 e4 45. Kf1 Kf8 46. Ke1 e3 47. Rb5 Ra2 48. a5 Ke7 49. Kd1 Kd6 50. Ke1 f6 1/2-1/2

[Event "SUI-ch U10"]
[Site "St Ursanne"]
[Date "2011.06.30"]
[Round "1"]
[White "Hofmann, Colin"]
[Black "Perman, Denis"]
[Result "0-1"]
[WhiteElo "1586"]
[BlackElo "1790"]
[PlyCount "110"]
[EventDate "2011.06.30"]
[EventType "tourn"]
[EventRounds "7"]
[EventCountry "SUI"]
[SourceTitle "EXT 2012"]
[Source "ChessBase"]
[SourceDate "2011.11.24"]
[SourceVersion "1"]
[SourceVersionDate "2011.11.24"]
[SourceQuality "1"]

1. e4 c5 2. Nf3 Nc6 3. Nc3 d6 4. d4 cxd4 5. Nxd4 Nf6 6. Be2 g6 7. Be3 Bg7 8. 0-0 0-0 9. Qd2 Ne5 10. h3 Ned7 11. f4 Nc5 12. Bf3 Ne6 13. Rad1 Nxd4 14. Bxd4 Be6 15. e5 dxe5 16. fxe5 Nd5 17. a3 Rc8 18. Rfe1 Nxc3 19. Bxc3 Qxd2 20. Rxd2 Bh6 21. Rdd1 b6 22. Bd5 Bxd5 23. Rxd5 Rfd8 24. Red1 Rxd5 25. Rxd5 Rc7 26. Kf1 e6 27. Rd3 Bg5 28. Ke2 Kf8 29. Kd1 Ke8 30. Bb4 Rd7 31. Rxd7 Kxd7 32. Bc3 Kc6 33. Ke2 Kd5 34. Kf3 Bd8 35. b3 Bc7 36. Kf4 h6 37. h4 f6 38. Ke3 Bxe5 39. Bxe5 Kxe5 40. c4 f5 41. g3 g5 42. hxg5 hxg5 43. b4 f4+ 44. gxf4+ gxf4+ 45. Kd3 f3 46. Ke3 f2 47. Kxf2 Kd4 48. c5 bxc5 49. b5 c4 50. Ke1 Kc5 51. a4 e5 52. Kd2 e4 53. Ke3 c3 54. Ke2 Kb4 55. Ke3 Kxa4 0-1

[Event "SUI-ch U10"]
[Site "Belp"]
[Date "2010.07.01"]
[Round "1"]
[White "Hofmann, Colin"]
[Black "Brandis, Benjamin"]
[Result "1/2-1/2"]
[WhiteElo "1629"]
[BlackElo "1599"]
[PlyCount "127"]
[EventDate "2010.07.01"]
[EventType "tourn"]
[EventRounds "7"]
[EventCountry "SUI"]
[SourceTitle "EXT 2012"]
[Source "ChessBase"]
[SourceDate "2011.11.24"]
[SourceVersion "1"]
[SourceVersionDate "2011.11.24"]
[SourceQuality "1"]

1. e4 e5 2. Nf3 Nc6 3. d4 exd4 4. Nxd4 Nxd4 5. Qxd4 d6 6. Nc3 Nf6 7. Bc4 Be7 8. 0-0 0-0 9. Be3 Ng4 10. Bf4 Bf6 11. Qd3 Be5 12. Qd2 Qh4 13. Bxe5 dxe5 14. h3 Nf6 15. Qe3 b6 16. Rfe1 Bb7 17. Rad1 Rad8 18. Rd3 a6 19. a4 Rxd3 20. Bxd3 Rd8 21. Qf3 Nh5 22. Ne2 b5 23. axb5 axb5 24. Ra1 Ra8 25. Rxa8+ Bxa8 26. Kh2 Nf6 27. Ng3 Qf4 28. b3 Qxf3 29. gxf3 b4 30. Nf5 g6 31. Nh6+ Kg7 32. Ng4 Nd7 33. Kg3 h5 34. Ne3 Nc5 35. Bc4 c6 36. Nf1 Bb7 37. Nd2 Bc8 38. h4 f5 39. Kg2 Kf6 40. Kh2 g5 41. hxg5+ Kxg5 42. Kg3 h4+ 43. Kg2 Kf4 44. Bd3 h3+ 45. Kh2 Nxd3 46. cxd3 Ba6 47. exf5 Kxf5 48. Kxh3 Bxd3 49. Kg3 e4 50. fxe4+ Bxe4 51. f3 Bc2 52. Kf2 Kf4 53. Ke2 c5 54. Kf2 Ke5 55. Ke3 Kf5 56. Kf2 Kf4 57. Ke2 Ke5 58. Ke3 Kd5 59. f4 Bf5 60. Nc4 Be6 61. Nd2 Kc6 62. Ke4 Kb5 63. f5 Bf7 64. Kd3 1/2-1/2